00455cam a22001692 4500001001100000005001700011008004100028020001700069040001600086100003100102245005700133250001300190260003500203300001600238650002800254852000300282000002009720151217152207.0110701s xx 000 0 eng d a053459400x : aKABUcKABUl1 aWeiten, Wayne.@000016022110aPsychology :bthemes and variations /cWayne Weiten. a5th ed. aBelmont, CA :bThomson,c2001. axlv, 521 p. 0aPsychology.@00000249811